| 000 | 00854cab a2200241 4500 | ||
|---|---|---|---|
| 001 | ABS53837 | ||
| 008 | 090401t1995 xxu||||| |||| 00| 0 eng d | ||
| 035 | _a(Sirsi) u6835 | ||
| 041 | _aeng | ||
| 100 | _aWilkinson, H. W. | ||
| 245 | _aActing for worldly-wise clients | ||
| 260 | _c1995 | ||
| 350 | _a0 | ||
| 490 |
_aNew Law Journal _v145(6717) 27 October 1995, 1588-1589(2) |
||
| 520 | _aWith reference to "Reeves v Thrings & Long", "Haigh v Wright Hassall & Co" and "Mortgage Express v Bowerman & Partners", examines the need to clearly specify terms of engagement. | ||
| 650 | _aHAIGH V WRIGHT HASSALL & CO | ||
| 650 | _aMORTGAGE EXPRESS V BOWERMAN & PARTNERS | ||
| 650 | _aREEVES V THRINGS & LONG | ||
| 650 | _aTERMS OF ENGAGEMENT | ||
| 690 | _aMANAGEMENT-BUSINESS MANAGEMENT-PROFESSIONAL PRACTICE | ||
| 942 | _n0 | ||
| 948 | _c04/03/1997 | ||
| 999 |
_c4063 _d4063 |
||